oneworld Alliance members - Statistics

General Stats
  • This quiz has been taken 29 times
  • The average score is 11 of 15
Answer Stats
Destinations Airline % Correct
352 American
100%
198 British
90%
98 Qantas
86%
199 Japan
81%
178 Qatar
81%
137 Iberia
76%
125 Alaska
71%
80 Cathay Pacific
71%
100 Finnair
71%
55 Malaysia
67%
45 Royal Jordanian
62%
82 Royal Air Maroc
57%
41 Oman
52%
25 Fiji
48%
112 Sri Lankan
48%
No matching quizzes found
Score Distribution
Percent of People with Each Score
Percentile by Number Answered
Your Score History
You have not taken this quiz